| 000 | 00447nam a22001697a 4500 | ||
|---|---|---|---|
| 999 |
_c16969 _d16969 |
||
| 003 | OSt | ||
| 005 | 20180712165951.0 | ||
| 008 | 180712b xxu||||| |||| 00| 0 eng d | ||
| 040 | _cKABU | ||
| 050 |
_aQH442 _b.N53 2008 c.1 |
||
| 100 | _aNicholl | ||
| 245 |
_aAn intyroduction to Genetic Engineering _c3rd ed. |
||
| 260 |
_aNew York _bCambridge University Press _c2008 |
||
| 300 | _axii, 336p. | ||
| 650 | _aGenetic Engineering | ||
| 942 |
_2lcc _cBK |
||